[Event "37th Olympiad w"]
[Site "Turin ITA"]
[Date "2006.06.04"]
[Round "13"]
[White "Mira,H"]
[Black "Sukandar,I"]
[Result "1/2-1/2"]
[WhiteElo "2140"]
[BlackElo "2213"]

1.Nf3 d5 2.d4 Nf6 3.c4 e6 4.e3 c6 5.Nc3 Nbd7 6.cxd5 exd5 7.Bd3 Bd6 8.O-O O-O
9.e4 dxe4 10.Nxe4 Nxe4 11.Bxe4 Qc7 12.Bg5 Re8 13.Re1 Kh8 14.Rc1 Nf8 15.Qb3 f6
16.Bd2 Bf4 17.d5 Bxd2 18.Nxd2 Qf4 19.Re3 cxd5 20.Bxd5 Rxe3 21.fxe3 Qd6 22.Nf3 Be6
23.Bxe6 Qxe6 24.Qxe6 Nxe6 25.Nd4 Nd8 26.Rc7 a6 27.Nf5 g6 28.Nd6 b5 29.Ne4 Ne6
30.Re7 f5 31.Nf6 Ng7 32.Kf2 Rf8 33.Nd5 Rd8 34.Re5 Kg8 35.Ke2 Kf7 36.Nb4 Rd6
37.Rc5 Ne6 38.Rc8 h6 39.Ra8 Nc5 40.h4 g5 41.hxg5 hxg5 42.Rc8 Ne4 43.Rc7+ Ke8
44.Nd3 Ng3+ 45.Kd2 Ne4+ 46.Ke2 Kd8 47.Rc2 Ng3+ 48.Kd2 Ne4+ 49.Ke2 Ng3+ 50.Kd2 Re6
51.Rc1 Rh6 52.Ne5 Rh2 53.Rg1 g4 54.Nd3 Ne4+ 55.Ke2 Rh6 56.Rc1 Ng3+  1/2-1/2

[Event "21st Schachtage"]
[Site "Hassloch GER"]
[Date "2006.06.05"]
[Round "6"]
[White "Korsunsky,A"]
[Black "Eiler,J"]
[Result "1/2-1/2"]
[WhiteElo "2260"]
[BlackElo "2116"]

1.d4 Nf6 2.c4 e6 3.Nf3 d5 4.Nc3 c6 5.e3 Nbd7 6.Qc2 Bd6 7.Bd2 O-O 8.Be2 dxc4
9.Bxc4 e5 10.O-O Qe7 11.Bb3 e4 12.Ng5 Bxh2+ 13.Kxh2 Ng4+ 14.Kg1 Qxg5 15.Qxe4 Ndf6
16.Qf4 Qh4  1/2-1/2

[Event "2nd Festival"]
[Site "Lodi ITA"]
[Date "2006.06.05"]
[Round "1"]
[White "Richards,De"]
[Black "Zambrana,O"]
[Result "0-1"]
[WhiteElo "1922"]
[BlackElo "2425"]

1.c4 c6 2.Nc3 d5 3.d4 Nf6 4.e3 e6 5.Nf3 Nbd7 6.Bd3 dxc4 7.Bxc4 b5 8.Bb3 Be7
9.O-O O-O 10.Bc2 b4 11.Ne2 Ba6 12.Re1 c5 13.a3 bxa3 14.bxa3 cxd4 15.Nexd4 Rc8
16.Ba4 Nc5 17.Nc6 Qe8 18.Nxe7+ Qxe7 19.Bc2 Rfd8 20.Bd2 Nfe4 21.Bxe4 Nxe4
22.Bb4 Rxd1 23.Bxe7 Rxa1 24.Rxa1 f6 25.Bb4 Rc2 26.Be1 e5 27.h3 h5 28.Nh2 Nc5
29.Bb4 Nd3 30.f3 g5 31.Nf1 Kf7 32.Nd2 Kg6 33.Nf1 e4 34.fxe4 Bb7 35.Bd2 Bxe4
36.Kh2 Rb2 37.Kg1 Nc5  0-1

[Event "2nd Open"]
[Site "San Marino SMR"]
[Date "2006.06.05"]
[Round "1"]
[White "Di Caro,C"]
[Black "Paragua,M"]
[Result "0-1"]
[WhiteElo "2318"]
[BlackElo "2617"]

1.d4 d5 2.c4 c6 3.e3 Nf6 4.Nc3 e6 5.Nf3 a6 6.c5 Nbd7 7.b4 Qc7 8.Bb2 g6 9.Bd3 Bg7
10.O-O O-O 11.Na4 Nh5 12.Re1 Rb8 13.e4 Nf4 14.Bf1 dxe4 15.Rxe4 Nd5 16.a3 a5
17.Qd2 b5 18.cxb6 N7xb6 19.Nc5 Nd7 20.Nxd7 Bxd7 21.bxa5 Qb7 22.Re2 c5 23.dxc5 Qxb2
24.Qxb2 Bxb2 25.Rb1 Bxa3 26.Rxb8 Rxb8 27.Ne5 Bb5 28.Rc2 Bxf1 29.Kxf1 Ra8
30.c6 Bd6 31.Nc4 Bc7 32.Rb2 Ra6  0-1

[Event "FSGM June"]
[Site "Budapest HUN"]
[Date "2006.06.06"]
[Round "3"]
[White "Gonda,L"]
[Black "Jakab,A"]
[Result "1-0"]
[WhiteElo "2465"]
[BlackElo "2414"]

1.d4 d5 2.c4 c6 3.Nc3 Nf6 4.e3 e6 5.Nf3 Nbd7 6.Qc2 Bd6 7.b3 O-O 8.Be2 Re8
9.O-O dxc4 10.bxc4 e5 11.Rb1 exd4 12.exd4 Nf8 13.h3 Ng6 14.Bd3 Nf4 15.Bxf4 Bxf4
16.Ne4 Nxe4 17.Bxe4 g6 18.Rfe1 Rb8 19.d5 c5 20.Qc3 Bd6 21.Bc2 Bd7 22.Nd2 b6
23.Kf1 Qh4 24.Re4 Qh6 25.Rbe1 Qg7 26.Qa3 f5 27.Rxe8+ Bxe8 28.Nf3 h6 29.Ba4 Bf7
30.Bc6 g5 31.Qd3 Qf6 32.Bd7 f4 33.Qa3 Rb7 34.Qa4 Kf8 35.Be6 Be8 36.Qa6 Rc7
37.a4 Qc3 38.Kg1 Qb4 39.Bf5 Qxa4 40.Qxa4 Bxa4 41.Re6 Rf7 42.Bd3 Bc7 43.Rxh6 Rg7
44.d6 Bd8 45.Ne5 Be8 46.Be4 Rg8 47.d7 Bf7 48.Rc6 Rh8 49.Rc8 Ke7 50.Bf5 Be6
51.Ng6+ Kxd7 52.Bxe6+ Kxe6 53.Nxh8 Bf6 54.Kf1 a5 55.Ng6 Kf5 56.Nf8  1-0

[Event "2nd Festival"]
[Site "Lodi ITA"]
[Date "2006.06.06"]
[Round "3"]
[White "Rombaldoni,D"]
[Black "Zambrana,O"]
[Result "1-0"]
[WhiteElo "2322"]
[BlackElo "2425"]

1.d4 d5 2.c4 c6 3.Nf3 Nf6 4.Nc3 e6 5.e3 Nbd7 6.Qc2 Be7 7.b3 O-O 8.Bd3 b6
9.O-O Bb7 10.Bb2 c5 11.cxd5 exd5 12.Rac1 h6 13.Rfd1 a6 14.Qe2 Re8 15.dxc5 bxc5
16.Na4 Bf8 17.Qf1 Bc6 18.Nc3 Qa5 19.Bb1 Qb4 20.Qd3 Qb7 21.Nh4 Rad8 22.h3 Ne5
23.Qf5 d4 24.Ne2 Bd7 25.Qf4 Nh5 26.Qe4 Qxe4 27.Bxe4 Nc4 28.bxc4 Rxe4 29.g4 Ba4
30.Rd3 Rb8 31.Ba1 Nf6 32.Ng3 dxe3 33.Nxe4 Nxe4 34.Rxe3 Ng5 35.Be5 Rb4 36.Nf5 g6
37.Nh4 Bc6 38.f4 Ne4 39.Nf3 Ra4 40.a3 Nd6 41.Bxd6 Bxd6 42.Ne5 Bb7 43.Rb1 Bc8
44.Rb6 Bxe5 45.Rxe5 Be6 46.f5 gxf5 47.gxf5 Bxc4 48.Re4 h5 49.Rc6 Kg7 50.Rxc5 Bb5
51.Rxa4 Bxa4 52.Kf2 Kf6 53.Kg3 Kg5 54.h4+ Kf6 55.Kf4 Bb5 56.Rd5 Be2 57.Rd6+ Ke7
58.Rb6 Kf8 59.Kg5 Ke7 60.Rb7+ Ke8 61.Kf6 Bc4 62.Re7+  1-0

[Event "2nd Open"]
[Site "San Marino SMR"]
[Date "2006.06.07"]
[Round "4"]
[White "Paragua,M"]
[Black "Borgo,G"]
[Result "1-0"]
[WhiteElo "2617"]
[BlackElo "2414"]

1.d4 d5 2.Nf3 Nf6 3.c4 e6 4.Nc3 c6 5.e3 Nbd7 6.Bd3 a6 7.O-O dxc4 8.Bxc4 b5
9.Bd3 c5 10.b3 Bb7 11.Bb2 Bd6 12.Qe2 Qb8 13.h3 O-O 14.Rad1 Re8 15.Bc2 e5
16.dxc5 Nxc5 17.Nh2 b4 18.Na4 Ncd7 19.Ng4 Bc6 20.Bd3 Nxg4 21.hxg4 Bb5 22.Qd2 Bxd3
23.Qxd3 Re6 24.g3 Qb7 25.g5 h6 26.Qd5 Qxd5 27.Rxd5 Rc8 28.gxh6 Rxh6 29.Rfd1 Rc6
30.f4 exf4 31.exf4 Nb6 32.Nxb6 Rxb6 33.Kg2 Rc6 34.R1d2 Be7 35.Rd7 Rhd6 36.Kf3 Rxd7
37.Rxd7 Rc2 38.Rxe7 Rxb2 39.Re2 Rb1 40.Re8+ Kh7 41.Ra8 f5 42.Rxa6 Rb2 43.g4 fxg4+
44.Kxg4 Kg8 45.Ra4 Kf7 46.Ra7+ Ke6 47.Ra6+ Kf7 48.Kf5 Rg2 49.Ra7+ Kf8 50.Ra4 Kf7
51.Rxb4 g6+ 52.Ke5 Re2+ 53.Kd6 Rxa2 54.Rc4 Rb2 55.b4 Ke8 56.Kc6 Kd8 57.Kb6 Kd7
58.b5 Ke6 59.Kc6 Kf5 60.b6 Rb3  1-0

[Event "2nd Open"]
[Site "San Marino SMR"]
[Date "2006.06.07"]
[Round "4"]
[White "Naumkin,I"]
[Black "Svetushkin,D"]
[Result "0-1"]
[WhiteElo "2415"]
[BlackElo "2552"]

1.d4 d5 2.c4 c6 3.Nf3 Nf6 4.Nc3 e6 5.e3 a6 6.Bd3 dxc4 7.Bxc4 b5 8.Bd3 c5
9.Qe2 Nbd7 10.O-O Bb7 11.Rd1 Qb8 12.h3 Be7 13.e4 cxd4 14.Nxd4 Nc5 15.Bc2 b4
16.Na4 Nfxe4 17.Bxe4 Nxe4 18.Nb6 O-O 19.Nd7 Qe8 20.Nxf8 Bxf8 21.Be3 Nf6 22.Rac1 Nd5
23.Qg4 f5 24.Qf3 Qf7 25.Re1 Qd7 26.Bd2 Nf6 27.Qe3 Ne4 28.Nf3 Rd8 29.Red1 Bd5
30.Qe1 Qa4 31.Ng5 Nxd2 32.Rxd2 Qxa2 33.Qe3 h6 34.Nf3 Qa5 35.Ne5 b3 36.Rd3 Bd6
37.Nc6 f4 38.Qe2 Qc7 39.Rdc3 f3 40.gxf3 Rf8 41.Nb4 Qd7 42.Nxd5 exd5 43.Qxa6 Bf4
44.Re1 Bd2 45.Qe6+ Qxe6 46.Rxe6 Bxc3 47.bxc3 Rxf3 48.Rc6 Rxh3 49.c4 Rc3  0-1

[Event "IHEM"]
[Site "Hamburg GER"]
[Date "2006.06.08"]
[Round "6"]
[White "Zierke,O"]
[Black "Bobras,P"]
[Result "0-1"]
[WhiteElo "2294"]
[BlackElo "2535"]

1.d4 d5 2.c4 c6 3.Nf3 Nf6 4.Nc3 e6 5.e3 Nbd7 6.Qc2 Bd6 7.b3 O-O 8.Be2 b6
9.O-O Bb7 10.Bb2 Qe7 11.Rad1 Rad8 12.Rfe1 Rfe8 13.Bd3 c5 14.Ne2 e5 15.dxe5 Nxe5
16.Nxe5 Bxe5 17.Bxe5 Qxe5 18.cxd5 Rxd5 19.e4 Ng4 20.Ng3 Rd6 21.Be2 Rxd1 22.Rxd1 h5
23.Bxg4 hxg4 24.Qe2 Bc8 25.Qd3 Be6 26.f3 c4 27.bxc4 Qc5+ 28.Kh1 Qxc4 29.Qxc4 Bxc4
30.a3 Bb3 31.Rd3 Rc8 32.Kg1 Rc1+ 33.Kf2 Bc4 34.Rd8+ Kh7 35.Rc8 Rc2+ 36.Ke3 b5
37.Kf4 Rxg2 38.Ra8 gxf3 39.Kxf3 Ra2 40.Rxa7 b4 41.a4 b3 42.Rb7 b2 43.Ke3 Ra3+  0-1

[Event "IHEM"]
[Site "Hamburg GER"]
[Date "2006.06.08"]
[Round "6"]
[White "Lindinger,M"]
[Black "Albers,A"]
[Result "1-0"]
[WhiteElo "2322"]
[BlackElo "1995"]

1.d4 Nf6 2.c4 e6 3.Nc3 d5 4.Nf3 c6 5.e3 Nbd7 6.Qc2 Bd6 7.Bd2 b6 8.O-O-O Bb7
9.Kb1 Qc7 10.h3 Rc8 11.g4 dxc4 12.e4 Bf4 13.e5 Bxd2 14.Nxd2 Nd5 15.Nce4 O-O
16.Nxc4 c5 17.Ncd6 Nb4 18.Qe2 Rcd8 19.Nxb7 Qxb7 20.Bg2 Qa6 21.Qxa6 Nxa6 22.f4 cxd4
23.Rxd4 Ndc5 24.Nd6 f6 25.Re1 Rd7 26.Bc6 Rc7 27.Bb5 Nb8 28.exf6 gxf6 29.b4 a6
30.Be8 e5 31.fxe5 fxe5 32.Rc4 Ne6 33.Rxc7 Nxc7 34.Rxe5 Nxe8 35.Nxe8 Nc6 36.Re6 Rf4
37.Kb2 Nxb4 38.Rxb6 Rf2+ 39.Kb3 a5 40.Nf6+ Kg7 41.Nh5+ Kf7 42.a3 Rf3+ 43.Ka4 Nd3
44.Kxa5 Rxh3 45.Rh6 Ne5 46.Rxh7+ Kf8 47.a4 Nxg4 48.Nf6 Rg3 49.Nxg4 Rxg4 50.Rd7 Ke8
51.Rd5 Rg1 52.Kb6 Rb1+ 53.Kc7 Rc1+ 54.Kb7 Rb1+ 55.Rb5 Rd1 56.a5 Kd8 57.a6 Rd7+
58.Kb8  1-0

[Event "2nd Festival"]
[Site "Lodi ITA"]
[Date "2006.06.08"]
[Round "5"]
[White "Vezzosi,P"]
[Black "Astengo,M"]
[Result "1-0"]
[WhiteElo "2362"]
[BlackElo "2096"]

1.c4 c6 2.Nc3 d5 3.e3 Nf6 4.Nf3 e6 5.d4 Nbd7 6.Qc2 Be7 7.b3 O-O 8.Bd3 b6
9.O-O Bb7 10.Ne5 Rc8 11.Bb2 dxc4 12.bxc4 c5 13.Rfd1 cxd4 14.exd4 Bd6 15.Nb5 Bb8
16.Ba3 Re8 17.Nd6 Bxd6 18.Bxd6 Nf8 19.c5 Ng6 20.Qa4 a6 21.Rac1 b5 22.Qa3 Ne4
23.f3 Nxd6 24.cxd6 Rxc1 25.Rxc1 Qb6 26.Bxg6 Qxd4+ 27.Kh1 Qxe5 28.d7 Rf8 29.Qxf8+  1-0

[Event "2nd Festival"]
[Site "Lodi ITA"]
[Date "2006.06.08"]
[Round "6"]
[White "Steingrimsson,H"]
[Black "Lazic,Mir"]
[Result "1/2-1/2"]
[WhiteElo "2447"]
[BlackElo "2493"]

1.d4 d5 2.c4 c6 3.Nf3 Nf6 4.Nc3 e6 5.e3 Nbd7 6.Bd3 Bd6 7.e4 dxe4 8.Nxe4 Nxe4
9.Bxe4 e5 10.O-O exd4 11.Qxd4 Qf6 12.Bc2 Qxd4 13.Nxd4 O-O 14.Nf5 Bc5 15.Bf4 Nb6
16.b3 Bxf5 17.Bxf5  1/2-1/2

[Event "TCh-NOR Open"]
[Site "Oslo NOR"]
[Date "2006.06.08"]
[Round "2"]
[White "Gvein,K"]
[Black "Bjerke,S"]
[Result "1/2-1/2"]
[WhiteElo "2157"]
[BlackElo "2161"]

1.c4 e6 2.Nc3 d5 3.d4 c6 4.e3 Nf6 5.Nf3 Nbd7 6.Qc2 Bd6 7.g4 Bb4 8.Bd2 Qe7
9.Rg1 Bxc3 10.Bxc3 Ne4 11.Bd3 Nxc3 12.Qxc3 dxc4 13.Bxc4 b5 14.Bd3 Bb7 15.Be4 Rc8
16.g5 Nb6 17.Qc5 Na4 18.Qxe7+ Kxe7 19.O-O-O Ba8 20.Kb1 c5 21.Bxa8 Rxa8 22.dxc5 Nxc5
23.Ne5 Rhc8 24.Rg4 Rc7 25.Rh4 Rac8 26.Rc1 f6 27.gxf6+ Kxf6 28.b4 Kxe5 29.bxc5 Rxc5
30.Rxc5+ Rxc5 31.Rxh7 Kf6 32.Rh8  1/2-1/2

[Event "VIII Open"]
[Site "Salou ESP"]
[Date "2006.06.08"]
[Round "2"]
[White "Benitah,Y"]
[Black "Uribe Arteaga,D"]
[Result "0-1"]
[WhiteElo "2417"]
[BlackElo "2257"]

1.d4 d5 2.c4 c6 3.e3 Nf6 4.Nc3 e6 5.Nf3 Nbd7 6.Bd3 dxc4 7.Bxc4 b5 8.Bd3 Bb7
9.O-O b4 10.Ne4 Be7 11.Ng3 O-O 12.Qe2 c5 13.Rd1 Qb6 14.Ne5 Rfd8 15.Kh1 Rac8
16.f4 g6 17.Nc4 Qc7 18.Bd2 cxd4 19.exd4 Nb6 20.Na5 Rb8 21.Rac1 Qd6 22.Ne4 Qxd4
23.Be3 Qd5 24.Nxf6+ Bxf6 25.Bb5 Qxg2+ 26.Qxg2 Bxg2+ 27.Kxg2 Nd5 28.Bxa7 Rxb5
29.Nc6 Nxf4+ 30.Kf3 Rxd1 31.Rxd1 Rf5 32.Bd4 Nd5+ 33.Ke2 Rh5 34.Rh1 Bxd4 35.Nxd4 Rh3
36.Nf3 e5 37.Kf2 e4 38.Ng5 e3+ 39.Ke1 Rh5 40.Nf3 Nf4  0-1

[Event "FSIM June"]
[Site "Budapest HUN"]
[Date "2006.06.09"]
[Round "5"]
[White "Werner,Di"]
[Black "Kaufman,R"]
[Result "0-1"]
[WhiteElo "2333"]
[BlackElo "2230"]

1.d4 Nf6 2.Nf3 d5 3.c4 e6 4.Nc3 c6 5.e3 Nbd7 6.Bd3 dxc4 7.Bxc4 b5 8.Bd3 Bd6
9.O-O O-O 10.Bd2 Bb7 11.Rc1 Rc8 12.Ne4 Nxe4 13.Bxe4 Qe7 14.a3 f5 15.Bb1 c5
16.dxc5 Nxc5 17.Bb4 Kh8 18.Qe2 e5 19.Bxc5 Rxc5 20.Rxc5 Bxc5 21.b4 Bb6 22.e4 a6
23.Rd1 Rc8 24.exf5 e4 25.Nd4 Qe5 26.Nc2 Qb2 27.Kf1 h6 28.Qh5 e3 29.Qg6 e2+
30.Kxe2 Rxc2+ 31.Bxc2 Qxc2+ 32.Rd2 Qc4+ 33.Ke1 Qe4+ 34.Kf1 Bd5 35.Rd1 Qc2
36.Qe8+ Bg8  0-1

[Event "TCh-NOR Open"]
[Site "Oslo NOR"]
[Date "2006.06.09"]
[Round "3"]
[White "Svensen,T"]
[Black "Nilsen,Tr"]
[Result "1/2-1/2"]
[WhiteElo "2115"]
[BlackElo "2126"]

1.d4 d5 2.c4 e6 3.Nc3 c6 4.e3 Nf6 5.Nf3 Be7 6.Qc2 O-O 7.Bd3 Nbd7 8.Ne5 Qc7
9.f4 b6 10.cxd5 cxd5 11.Bd2 Bb7 12.Nxd5 Nxd5 13.Qxc7 Nxc7 14.Nxd7 Rfd8 15.Ne5 Bxg2
16.Rg1 Bb7 17.Rc1 Nd5 18.Ke2 Rac8 19.a3 f5 20.Bb5 Bd6 21.Nc6 Bxc6 22.Bxc6 Rc7
23.Bb5 Rdc8 24.Rxc7 Rxc7 25.Kd3 Kf7 26.Bc4 Nf6 27.Bc3 g6 28.Bb3 a5 29.Be1 Ne4
30.Bh4 Rc8 31.Ke2 Be7 32.Bxe7 Kxe7 33.h4 b5 34.Kd3 a4 35.Ba2 Nf2+ 36.Kd2 Ne4+
37.Kd3 Nf2+ 38.Kd2 Ne4+  1/2-1/2

[Event "2nd Open"]
[Site "San Marino SMR"]
[Date "2006.06.09"]
[Round "6"]
[White "Jovanic,O"]
[Black "Kuzubov,Y"]
[Result "0-1"]
[WhiteElo "2473"]
[BlackElo "2554"]

1.d4 Nf6 2.c4 e6 3.Nf3 d5 4.Nc3 c6 5.e3 Bd6 6.Bd3 dxc4 7.Bxc4 b5 8.Bd3 Nbd7
9.O-O O-O 10.Ng5 Bb7 11.Qf3 Qc7 12.Qh3 h6 13.Nge4 b4 14.Nxd6 Qxd6 15.Ne4 Nxe4
16.Bxe4 Rab8 17.a3 c5 18.Bxb7 Rxb7 19.dxc5 Nxc5 20.Qf3 b3 21.Rd1 Qb6 22.Bd2 Na4
23.Bb4 Rc8 24.Rab1 Qb5 25.g3 Rbc7 26.e4 a5 27.Bd6 Rc2 28.Qd3 Qb6 29.Qd4 Qxd4
30.Rxd4 Nxb2 31.Kg2 a4 32.Rb4 Nc4 33.Rd1 Ne3+  0-1

[Event "2nd Open"]
[Site "San Marino SMR"]
[Date "2006.06.09"]
[Round "6"]
[White "Rodshtein,M"]
[Black "Parligras,M"]
[Result "1-0"]
[WhiteElo "2483"]
[BlackElo "2543"]

1.d4 d5 2.c4 c6 3.Nf3 Nf6 4.Nc3 e6 5.e3 Nbd7 6.Qc2 Bd6 7.g4 dxc4 8.Bxc4 e5
9.Bd2 exd4 10.Nxd4 Ne5 11.Be2 Nfxg4 12.Ne4 Be7 13.O-O-O O-O 14.f4 Ng6 15.Rhg1 Nf6
16.Ng5 Nxf4 17.Bc3 N4d5 18.Nde6 Bxe6 19.Bxf6 Nxf6 20.Rxd8 Rfxd8 21.Nxe6 fxe6
22.Qb3 Bc5 23.Rg3 b6 24.e4 Kh8 25.e5 Nd5 26.Qa4 Rf8 27.Qg4 Be3+ 28.Kb1 Bh6
29.Rf3 Nf4 30.Bc4 b5 31.Bb3 Rf5 32.Rf1 Raf8 33.Qd1 Rxe5 34.Qd6 Ref5 35.a3 g6
36.Qxc6 Bg7 37.Bc2 Rh5 38.Qc7 g5 39.Rf2 a6 40.Qb6 Ng6 41.Rd2 Ne5 42.Rd8 Ng6
43.Bxg6 hxg6 44.Rd2 Kh7 45.Qxa6 g4 46.Qxe6 Rf1+ 47.Ka2 Rhf5 48.Qe7 Rf7 49.Qh4+ Bh6
50.Rg2 R1f4 51.Rxg4 Rxg4 52.Qxg4 Rf5 53.Kb3 Bg7 54.Qe2 Rh5 55.Qg2 Be5 56.h3 Bg7
57.Qf3 Rf5 58.Qd3 Rf2 59.Kb4 Rxb2+ 60.Ka5 Bf8 61.Qf3 Bg7 62.h4 Kg8 63.Kb6 Bf8
64.Qf6 Rg2 65.Qe6+ Kh7 66.Qf7+ Bg7 67.Kxb5 Rg4 68.Qe7 Kh6 69.a4 Bd4 70.a5 g5
71.h5 Rh4 72.Qf7 Rxh5 73.Qe6+  1-0

[Event "2nd Open"]
[Site "San Marino SMR"]
[Date "2006.06.09"]
[Round "6"]
[White "Nguyen Chi Minh"]
[Black "Godena,M"]
[Result "0-1"]
[WhiteElo "2356"]
[BlackElo "2537"]

1.d4 d5 2.c4 e6 3.Nf3 c6 4.Nc3 Nf6 5.e3 Nbd7 6.Qc2 b6 7.cxd5 exd5 8.Bd3 Bb7
9.O-O Be7 10.e4 dxe4 11.Nxe4 O-O 12.Ne5 Qc7 13.Re1 Nxe4 14.Bxe4 Nf6 15.Nxc6 Nxe4
16.Rxe4 Bxc6 17.d5 Rad8 18.Bf4 Bd6 19.Bxd6 Rxd6 20.Rc4 Rxd5 21.Rxc6 Qe5 22.h3 g6
23.Rc1 Rfd8 24.Rc8 Rxc8 25.Qxc8+ Kg7 26.Qc2 h5 27.h4 Qd4 28.g3 Rc5 29.Qb1 Rf5
30.Qc2 Rc5 31.Qb1 Rf5 32.Qc2 Rf3 33.Kf1 Rd3 34.Ke1 Qe4+ 35.Qe2 Qh1+ 36.Qf1 Qe4+
37.Qe2 Qh1+ 38.Qf1 Qd5 39.Qe2 Rd4 40.Qc2 Qxa2 41.Rd1 Qa5+ 42.Kf1 Rxd1+  0-1

[Event "Masters"]
[Site "Las Vegas USA"]
[Date "2006.06.10"]
[Round "1"]
[White "Aramil,W"]
[Black "Almeida Saenz,A"]
[Result "0-1"]
[WhiteElo "2215"]
[BlackElo "2400"]

1.d4 d5 2.c4 c6 3.Nf3 Nf6 4.Nc3 e6 5.e3 Nbd7 6.Qc2 a6 7.Bd2 Bd6 8.g4 Nxg4
9.Rg1 h5 10.h3 f5 11.cxd5 cxd5 12.hxg4 hxg4 13.e4 dxe4 14.Ng5 Nf8 15.O-O-O Bd7
16.Ngxe4 fxe4 17.Qxe4 Qc7 18.Kb1 O-O-O 19.Rc1 Kb8 20.Bg2 Qb6 21.Be3 g3 22.fxg3 Qb4
23.a3 Qb3 24.Bf4 Bxf4 25.Qxf4+ Ka7 26.Qg5 Rc8 27.Qxg7 Rh2 28.d5 Qb6 29.Rcd1 exd5
30.Qd4 Rc5 31.Nxd5 Bf5+ 32.Ka1 Rc1+ 33.Ka2 Qxd4 34.Rxd4  0-1

[Event "2nd Open"]
[Site "San Marino SMR"]
[Date "2006.06.10"]
[Round "8"]
[White "Epishin,V"]
[Black "Godena,M"]
[Result "1-0"]
[WhiteElo "2565"]
[BlackElo "2537"]

1.d4 Nf6 2.c4 e6 3.Nf3 d5 4.Nc3 c6 5.e3 Nbd7 6.a3 Bd6 7.g4 b6 8.g5 Ng8 9.cxd5 exd5
10.e4 Ne7 11.exd5 cxd5 12.Bd3 O-O 13.Qc2 g6 14.h4 Re8 15.h5 Nf8 16.hxg6 fxg6
17.Be3 Bg4 18.Be2 Rc8 19.Qb3 Ne6 20.Rh4 Bxf3 21.Bxf3 Nf5 22.Bxd5 Nxe3 23.Bxe6+ Kg7
24.Re4 Qxg5 25.Bxc8 Rxc8 26.Qe6 Qg1+ 27.Ke2 Qxa1 28.Qd7+ Kh6 29.Rh4+ Kg5
30.Ne4+ Kxh4 31.Qxh7+ Kg4 32.f3+  1-0

[Event "Summer-1"]
[Site "Alushta UKR"]
[Date "2006.06.11"]
[Round "13"]
[White "Shtyrenkov,V"]
[Black "Sumets,A"]
[Result "0-1"]
[WhiteElo "2416"]
[BlackElo "2461"]

1.d4 d5 2.c4 c6 3.Nc3 Nf6 4.e3 e6 5.Nf3 a6 6.b3 Bb4 7.Bd2 Nbd7 8.Bd3 Qe7
9.O-O O-O 10.Qe1 a5 11.Na4 Bxd2 12.Qxd2 e5 13.Nxe5 Nxe5 14.dxe5 Qxe5 15.Nb6 Rb8
16.Nxc8 Rbxc8 17.Qxa5 Ng4 18.g3 Qh5 19.h4 Ne5 20.Qc3 Rfe8 21.Rfd1 Nf3+ 22.Kg2 Qg4
23.Rh1 d4 24.exd4 Nxd4 25.Rhe1 Qf3+ 26.Kg1 c5 27.Rxe8+ Rxe8 28.Re1 Re2 29.Rf1 g6  0-1

[Event "Lasker Mem A"]
[Site "Barlinek POL"]
[Date "2006.06.11"]
[Round "9"]
[White "Lagowski,P"]
[Black "Kachur,A"]
[Result "0-1"]
[WhiteElo "2392"]
[BlackElo "2261"]

1.d4 d5 2.c4 c6 3.Nf3 Nf6 4.e3 e6 5.Nc3 Nbd7 6.Bd3 Bd6 7.e4 dxe4 8.Nxe4 Nxe4
9.Bxe4 e5 10.O-O exd4 11.Bg5 f6 12.Nxd4 Nc5 13.Bc2 fxg5 14.Re1+ Kf7 15.b4 Ne6
16.Rxe6 Bxe6 17.Nxe6 Kxe6 18.Qg4+ Kf7 19.c5 Qf6 20.Rd1 Bxh2+ 21.Kf1 Rhd8
22.Re1 Rd2 23.Bb3+ Kf8 24.f3 Re8 25.Qh5 Rxe1+ 26.Kxe1 Bf4  0-1

[Event "2nd Festival"]
[Site "Lodi ITA"]
[Date "2006.06.11"]
[Round "9"]
[White "Efimov,Ig"]
[Black "Drazic,S"]
[Result "0-1"]
[WhiteElo "2437"]
[BlackElo "2497"]

1.d4 d5 2.c4 e6 3.Nc3 Nf6 4.Nf3 c6 5.e3 Nbd7 6.Qc2 h6 7.Bd2 a6 8.e4 dxe4
9.Nxe4 c5 10.O-O-O Nxe4 11.Qxe4 Nf6 12.Qe3 cxd4 13.Nxd4 Qc7 14.Bc3 Bc5 15.Qf3 O-O
16.Nb3 Be7 17.Bd3 Bd7 18.Rhe1 Bc6 19.Qh3 Qf4+ 20.Bd2 Qg4 21.Qe3 Rfd8 22.f3 Qh4
23.g3 Qh3 24.Ba5 Rd7 25.Rd2 Rc8 26.Bb6 Bb4 27.Red1 Bxd2+ 28.Rxd2 Bb5 29.Nc5 Rd6
30.cxb5 Rxb6 31.b4 Rxb5 32.Bxb5 axb5 33.Kb2 b6 34.Ne4 Nd5 35.Qe2 Rc4 36.a3 Qf5
37.Ka2 Qe5 38.Qd3 f5 39.Nf2 Rxb4 40.f4 Qc7  0-1

[Event "Open A"]
[Site "Voronezh RUS"]
[Date "2006.06.12"]
[Round "1"]
[White "Kornev,Alexei"]
[Black "Grigorian,V"]
[Result "0-1"]
[WhiteElo "2575"]
[BlackElo "2330"]

1.d4 d5 2.c4 c6 3.Nc3 Nf6 4.e3 e6 5.Nf3 Nbd7 6.Qc2 Bd6 7.g4 Nxg4 8.Rg1 Qf6
9.Rxg4 Qxf3 10.Rxg7 Nf6 11.Bg2 Qh5 12.e4 dxe4 13.Bg5 Bf8 14.Bxf6 Bxg7 15.Nxe4 Qa5+
16.Ke2 Bxf6 17.Nxf6+ Ke7 18.Ne4 Rg8 19.Bf3 e5 20.Nc5 exd4 21.Qe4+ Be6 22.Qh4+ Ke8
23.Nxe6 fxe6 24.Bh5+ Kd7 25.Qxd4+ Ke7 26.c5 Rad8 27.Qh4+ Kd7 28.Qc4 Kc7 29.Kf1 Qd2
30.Qh4  0-1

[Event "2nd Goran"]
[Site "Bibinje CRO"]
[Date "2006.06.14"]
[Round "7"]
[White "Saric,A"]
[Black "Jakic,I"]
[Result "1-0"]
[WhiteElo "2474"]
[BlackElo "2352"]

1.d4 d5 2.c4 c6 3.Nc3 Nf6 4.e3 e6 5.Nf3 Nbd7 6.Qc2 Bd6 7.Bd3 dxc4 8.Bxc4 O-O
9.O-O a6 10.a4 c5 11.dxc5 Bxc5 12.e4 Qc7 13.Qe2 Ng4 14.Bg5 Nge5 15.Ba2 Ng6
16.Rac1 h6 17.Bd2 Nf4 18.Qc4 Qb8 19.Ne2 Ng6 20.b4 Bd6 21.Qc2 Nf6 22.Bc3 Ng4
23.h3 Nh2 24.Nxh2 Bxh2+ 25.Kh1 Be5 26.Bxe5 Nxe5 27.f4 Nc6 28.Qb2 Qd6 29.Rb1 Rd8
30.Bc4 Bd7 31.Rf3 Rac8 32.Rg3 g6 33.f5 exf5 34.exf5 Bxf5 35.Rf1 Nd4 36.Nxd4 Qxd4
37.Qxd4 Rxd4 38.Bxa6 bxa6 39.Rxf5 Rc1+ 40.Kh2 Rdd1 41.Rg4 h5 42.Rxh5 Rh1+
43.Kg3 Rc3+ 44.Kf2 Rc2+ 45.Ke3 Rb2 46.Ra5 Rb3+ 47.Kd2 Ra1 48.Kc2 Re3 49.Kb2 Rf1
50.Rc4 Rf2+ 51.Rc2 Rf6 52.Ka2 Rb6 53.Rb2 Re4 54.Ka3 Re3+ 55.Rb3 Re2 56.g4 Rd6
57.b5 axb5 58.axb5 Rd1 59.Ra8+ Kg7 60.Rc8 Ra1+ 61.Kb4 Re4+ 62.Rc4 Re6 63.Kc5 Ra8
64.b6 Rc8+ 65.Kd4 Rd6+ 66.Kc3 Rb8 67.b7 Rd7 68.Rcb4 f5 69.gxf5 gxf5 70.Kc4 Kf6
71.Kc5 Rc7+ 72.Kd6 Rc2 73.Kd7 Ke5 74.Rb5+ Kf6 75.Rb6+ Ke5 76.Rc6 Rd2+ 77.Kc7 Rbd8
78.Rc5+ Kf6 79.Rb6+ Ke7 80.b8=Q  1-0

[Event "Open A"]
[Site "Voronezh RUS"]
[Date "2006.06.14"]
[Round "3"]
[White "Chernov,Vl2"]
[Black "Bratus,P"]
[Result "1-0"]
[WhiteElo "2070"]
[BlackElo "2230"]

1.d4 Nf6 2.c4 e6 3.Nf3 d5 4.Nc3 c6 5.e3 Nbd7 6.Qc2 Be7 7.a3 a6 8.Bd2 O-O
9.Rd1 b5 10.c5 Qc7 11.Be2 e5 12.dxe5 Nxe5 13.b4 g6 14.Nd4 Re8 15.h3 Bf8 16.O-O Bg7
17.a4 Ned7 18.Ra1 Rb8 19.axb5 axb5 20.Ra5 Nf8 21.Nxc6 Qxc6 22.Bxb5 Qe6 23.Bxe8 Qxe8
24.b5 Bf5 25.Qa4 Qc8 26.c6 Ne6 27.Ra1 Nc7 28.Ra7 Ne4 29.Nxe4 dxe4 30.Qa5 Bxa1
31.Rxc7 Qd8 32.Rb7 Ra8 33.c7  1-0

[Event "VIII Open"]
[Site "Salou ESP"]
[Date "2006.06.15"]
[Round "9"]
[White "Vernay,C"]
[Black "Hamdouchi,H"]
[Result "1/2-1/2"]
[WhiteElo "2293"]
[BlackElo "2559"]

1.c4 Nf6 2.d4 c6 3.Nf3 d5 4.Nc3 e6 5.e3 Nbd7 6.Bd3 dxc4 7.Bxc4 b5 8.Be2 Bb7
9.a3 a6 10.b4 Bd6 11.Nd2 a5 12.Nde4 Bc7 13.Rb1 axb4 14.axb4 O-O 15.Bf3 Nxe4
16.Nxe4 e5 17.Nc5 Nxc5 18.dxc5 Qe7 19.Qc2 f5 20.e4 f4 21.Bb2 Bc8 22.O-O Be6
23.Ra1 Bf7 24.Rxa8 Rxa8 25.Ra1 Rxa1+ 26.Bxa1 Qe6 27.g4 fxg3 28.fxg3 h5 29.Bc3 g5
30.Bd2 g4 31.Be2 Kg7 32.Bg5 Kg6 33.Qd2 Qa2 34.Qxa2 Bxa2 35.Be7 Bb1 36.h3 Bxe4
37.hxg4 hxg4 38.Bxg4 Bf5 39.Bxf5+ Kxf5 40.Kf2 e4 41.Bd6 Bd8 42.Ke3 Bf6 43.g4+ Kxg4
44.Kxe4 Bc3 45.Be5 Bxb4 46.Bd4 Bd2 47.Ke5 b4 48.Kd6 Bc3 49.Be3 Kf3 50.Bc1 Ke2
51.Kxc6 Kd1 52.Kd5 Kxc1 53.c6  1/2-1/2

[Event "National Open"]
[Site "Las Vegas USA"]
[Date "2006.06.16"]
[Round "2"]
[White "Golod,V"]
[Black "Sharavdorj,D"]
[Result "1/2-1/2"]
[WhiteElo "2571"]
[BlackElo "2449"]

1.d4 d5 2.c4 c6 3.Nf3 Nf6 4.Nc3 e6 5.e3 Nbd7 6.Qc2 Bd6 7.Bd3 O-O 8.O-O dxc4
9.Bxc4 a6 10.Rd1 b5 11.Be2 Qc7 12.Ne4 Nxe4 13.Qxe4 Bb7 14.Qh4 c5 15.Bd3 h6
16.e4 cxd4 17.Bxh6 gxh6 18.Qxh6 Ne5 19.Ng5 f6 20.Nxe6 Qf7 21.Nxf8 Bxf8 22.Qh4 Qg6
23.Qg3 Qxg3 24.hxg3 Rd8 25.Bc2 Nc4 26.a4 Nxb2 27.Rdb1 d3 28.Bb3+ Nc4 29.axb5 axb5
30.Bxc4+ bxc4 31.Rxb7 c3 32.Rc7 c2 33.Rc1  1/2-1/2

[Event "Open A"]
[Site "Voronezh RUS"]
[Date "2006.06.16"]
[Round "5"]
[White "Guseva,O"]
[Black "Matsenko,S"]
[Result "0-1"]
[WhiteElo "2247"]
[BlackElo "2364"]

1.d4 d5 2.c4 c6 3.Nf3 Nf6 4.Nc3 e6 5.e3 Nbd7 6.Qc2 Bd6 7.Be2 O-O 8.O-O dxc4
9.Bxc4 b5 10.Be2 Bb7 11.e4 e5 12.Bg5 h6 13.Bh4 Re8 14.Rad1 Qc7 15.dxe5 Nxe5
16.Bxf6 Nxf3+ 17.Bxf3 gxf6 18.g3 Rad8 19.Rd2 Be5 20.Rfd1 Kg7 21.Bg4 Rxd2
22.Qxd2 Bc8 23.Bxc8 Qxc8 24.f3 Bc7 25.Kg2 Rd8 26.Qc2 Rxd1 27.Nxd1 Bb6 28.b4 Qd7
29.Nf2 Qd4 30.a3 c5 31.Qc1 h5 32.bxc5 Qxc5 33.Qb2 a5 34.Nh3 b4 35.axb4 Qxb4
36.Qe2 a4 37.Nf4 a3 38.Nd5 Qb3 39.f4 a2 40.Qxh5 Qc2+  0-1